Domestic regimes, the rule of Law, and democratic social change

Saved in:
Bibliographic Details
Main Author: Kettler, David (Author)
Format: Book
Language:English
Published: Berlín Galda and Wilch 2001
Edition:1a. ed
Subjects:
Tags: Add Tag
No Tags, Be the first to tag this record!

MARC

LEADER 00000cam a2200000 a 4500
001 UCC5049
003 CL-VaPUC
008 180913e20010000gw |||||||||||||||||eng|d
020 |a 1931255040 
082 0 4 |a 340.115  |b KET  |2 21 
100 0 |a Kettler, David  |e author  |9 599351 
245 1 0 |a Domestic regimes, the rule of Law, and democratic social change 
250 |a 1a. ed 
300 |a v 
942 |c BK 
945 |d 20180913 22:58:00  |a dcastane 
260 |a Berlín  |b Galda and Wilch  |c 2001 
500 |a v.3: mobility and norm change 
650 0 |a Filosofía del derecho   |9 255050 
650 0 |a Cambio social   |9 256857 
650 0 |a Jurisprudencia  |9 255952 
583 |a last modification  |c 20180913 22:58:00  |k Rodrigo Vera 
999 |c 372389  |d 372387 
952 |0 0  |1 0  |3 erd  |4 0  |6 340_115000000000000_KET_2001  |7 0  |8 A  |9 490029  |a BIBHIS  |b BIBHIS  |h v.3  |i 5501482  |o 340.115 KET 2001  |p 5501482  |r 2025-01-20  |w 2019-11-24  |y BK  |z Catalogado en:20180913  |k HIS